000 00661nam a2200169 4500
999 _c14655
_d14655
008 191021b ||||| |||| 00| 0 eng d
022 _a03080587
082 _aDPer 420.5 M72 Apr-Oct 2011 v. 20, n. 2-4
100 _940487
_aBarnard, Roger.
245 _aAn English language curriculum project in Timor-Leste/
_cRoger Barnard, Jenny Field and James McLellan.
260 _aChichester, West Sussex:
_bPavilion Publishing,
_c©2011.
300 _av20 n3, pages 59-62:
_bcolor illustrations;
_c30 cm.
650 _aEnglish language
_xCurriculum.
_940648
700 _940491
_aField, Jenny.
_eAuthor,
700 _940493
_aMcLellan, James.
_eAuthor.
942 _2ddc
_cPER